logo

Bir Sreshtho Munshi Abdur Rouf Library
Jhenaidah Cadet College

Typing 1 : (Record no. 9993)

MARC details
000 -LEADER
fixed length control field 01003pam a2200313 i 4500
001 - CONTROL NUMBER
JCCL Control Number 9993
003 - CONTROL NUMBER IDENTIFIER
JCCL marc code BD-JhCC
005 - DATE AND TIME OF LATEST TRANSACTION
control field 20180404102453.0
008 - FIXED-LENGTH DATA ELEMENTS--GENERAL INFORMATION
fixed length control field 180404s1977 nyua 001 0 eng
020 ## - INTERNATIONAL STANDARD BOOK NUMBER
International Standard Book Number 0070382417
035 ## - SYSTEM CONTROL NUMBER
system control number (BD-JhCC)9993
040 ## - CATALOGING SOURCE
Original cataloging agency DLC
Transcribing agency DLC
Modifying agency DLC
-- BD-JhCC
041 ## - LANGUAGE CODE
Language code of Book eng
050 00 - LIBRARY OF CONGRESS CALL NUMBER
Classification number Z49
Item number .L737 1977
082 00 - DEWEY DECIMAL CLASSIFICATION NUMBER
Classification number 652.3/024
Author mark and Year LIO 1977
100 1# - MAIN ENTRY--PERSONAL NAME
Personal name Lloyd, Alan C.
245 10 - TITLE STATEMENT
Title Typing 1 :
Remainder of title general course /
Statement of responsibility, etc Alan C. Lloyd, Fred E. Winger, John L. Rowe.
250 ## - EDITION STATEMENT
Edition statement Gregg typing, series six.
260 ## - PUBLICATION, DISTRIBUTION, ETC. (IMPRINT)
Place of publication, distribution, etc New York :
Name of publisher, distributor, etc Gregg Division, McGraw-Hill,
Date of publication, distribution, etc c1977.
300 ## - PHYSICAL DESCRIPTION
Pagination v, 281 p. :
Other physical details ill. ;
Dimensions 22 x 29 cm.
500 ## - GENERAL NOTE
General note Fifth ed. published in 1972 under title: Typing 300, with Rowe's name appearing first on t.p.
500 ## - GENERAL NOTE
General note Includes index.
650 #0 - SUBJECT ADDED ENTRY--TOPICAL TERM
Topical term or geographic name as entry element Typewriting.
700 1# - ADDED ENTRY--PERSONAL NAME
Personal name Winger, Fred E.,
700 1# - ADDED ENTRY--PERSONAL NAME
Personal name Rowe, John L.,
Dates associated with a name 1914-
700 1# - ADDED ENTRY--PERSONAL NAME
Personal name Rowe, John L.,
Dates associated with a name 1914-
Title of a work Typing 300.
942 ## - ADDED ENTRY ELEMENTS (KOHA)
Source of classification or shelving scheme Dewey Decimal Classification
Koha item type Books
Holdings
Source of classification or shelving scheme Damaged status Not for loan Home library Current library Shelving location Date of accession Total Checkouts Full call number Barcode Date last seen Copy number Koha item type
Dewey Decimal Classification     JCC Rouf Library JCC Rouf Library General Stacks 04/04/2018   652.3/024 LIO 1977 11234 04/04/2018 C-1 Books

JCC Library | Contacts | JCC Home

Last Update on 23 September 2017
Copyright @ 2017-2020 JCC Rouf Library
Rouf Library, Jhenidah Cadet College (JCC), Bangladesh